000 01025nam a22002057a 4500
005 20100818105822.0
010 _aHIN-90192
020 _a8174876464
_c750.00
035 _aHN-62538
037 _bDBAD / PUB
082 _a305.56
100 _aयादव, वीरेन्द्र सिंह
_914774
245 _aदलित विमर्श के विविध आयाम /
_cवीरेन्द्र सिंह यादव
246 _aDalit vimars ke vividh yayam
_bby Virender Singh Yaday
260 _aनई दिल्ली
_bराधा पब्लिकेशन्स
_c2010
270 _a4231/1, अंसारी रोड, दरियागंज
_bनई दिल्ली
_e110002
_k23247003
300 _a404पृ.
_c22सेमी (सजिल्द)
942 _2ddc
_cHN
_h305.56
_mयादव
999 _c42423
_d42423